| 000 | 01054cam a2200265 a 4500 | ||
|---|---|---|---|
| 003 | CO-ViMGA | ||
| 005 | 20230915225027.0 | ||
| 008 | 050825s2005 ck d fr 00010dspa d | ||
| 020 | _a9789582008222 | ||
| 040 |
_aCO-ViMGA _bspa _cCO-ViMGA |
||
| 082 | 0 | 4 |
_a370.1 _bD37d _219 ed. |
| 100 | 1 |
_aJoaquín Martínez Torregrosa _9850 |
|
| 245 | 0 | 0 |
_aDesarrollo de competencias en ciencia e ingenierías : _bhacia una enseñanza problematizada / _cJoaquín Martínez Torregrosa ... [et al.] ; compiladora María Mercedes Callejas R. |
| 260 |
_aBogotá : _bCooperativa Editorial Magisterio, _c2005. |
||
| 300 |
_a344 p. : _bdiagrs. ; _c24 cm. |
||
| 504 | _aIncluye bibliografía. | ||
| 650 | 1 | 4 |
_aIngeniería _x Métodos de enseñanza. _9854 |
| 650 | 1 | 4 |
_aInvestigación participativa. _9853 |
| 650 | 1 | 4 |
_aCiencia _x Enseñanza. _9851 |
| 650 | 1 | 4 |
_aCompetencia en educación. _9536 |
| 650 | 1 | 4 |
_aIngeniería _x Enseñanza. _9852 |
| 700 | 1 |
_aCallejas R., María Mercedes, _ecomp. _9856 |
|
| 700 | 1 |
_aMartínez Torregrosa, Joaquín. _9855 |
|
| 942 |
_2ddc _cBK |
||
| 999 |
_c12144 _d12144 |
||